UFC FIGHTER BY NICKNAME - Statistics

General Stats
  • This quiz has been taken 20,046 times
    12,272 since last reset
  • The average score is 26 of 40
Answer Stats
Hint Answer % Correct
Mighty Mouse Demetrious Johnson
94%
Bones Jon Jones
89%
The Notorious Conor McGregor
87%
The Spider Anderson Silva
86%
do Bronx Charles Oliveira
83%
The Diamond Dustin Poirier
82%
The Baddy Paddy Pimblett
82%
Poatan Alex Pereira
81%
Sugar Sean O'Malley / Rashad Evans
80%
Blessed Max Holloway
79%
The Last Stylebender Israel Adesanya
78%
Nigerian Nightmare Kamaru Usman
77%
El Cucuy Tony Ferguson
77%
The Eagle Khabib Nurmagomedov
75%
Rampage Quinton Jackson
73%
Cowboy Donald Cerrone
71%
Borz Khamzat Chimaev
68%
Wonderboy Stephen Thompson
65%
Rumble Anthony Johnson
64%
Chito Marlon Vera
64%
The Highlight Justin Gaethje
63%
Rocky Leon Edwards
59%
The Iceman Chuck Liddell
58%
Shogun Mauricio Rua
57%
Rush Georges St. Pierre
56%
Gamebred Jorge Masvidal
55%
Showtime Anthony Pettis
54%
The Reaper Robert Whittaker
54%
The Assassin Baby Brandon Moreno
53%
T-City Brian Ortega
53%
The Predator Francis Ngannou / Don Frye
53%
The Korean Zombie Chan Sung Jung
52%
Funk Master Aljamain Sterling
51%
No love Cody Garbrandt
46%
The Axe Murderer Wanderlei Silva
45%
Ruthless Robbie Lawler
43%
Bam Bam Tai Tuivasa
43%
Bon Gamin Ciryl Gane
42%
Big Country Roy Nelson
34%
The Dragon Lyoto Machida
31%
No matching quizzes found
Score Distribution
Percent of People with Each Score
Percentile by Number Answered
Your Score History
You have not taken this quiz since the last reset